000 00728nam a2200193 a 4500
003 0
005 20250408135113.0
008 071122s19uu xx 00 eng d
050 _aPHS P 118.2
_b.K56 2007
100 _aKim, Jin.
245 _aRelationship of teaching approaches and the English proficiency of second language learners /
_cJin Kim.
260 _aLas PiƱas City, Philippines :
_bSouthville International School and Colleges,
_c2007.
300 _a31 pages ;
_c28 cm.
504 _aIncludes bibliographical references.
650 _aSecond language acquisition.
650 _aLanguage and languages
_xStudy and teaching.
650 _aEnglish language
_xStudy and teaching
_vForeign speakers.
942 _2lcc
_cPASS
999 _c97840
_d97840